000 00691cam a22002171 4500
001 sa 68003071
003 DLC
005 20260227112449.0
008 900103s1965 ii ac 000 0 brao
010 _asa 68003071
035 _a(OCoLC)20841799
040 _aDLC
_cWaU
_dNRU
_dDLC
041 0 _abrahin
042 _apremarc
050 0 0 _aPK1967.9.D3
_bU3 1965
100 1 _aRatnākara, Jagannāthadāsa,
_d1866-1932.
245 1 0 _aUddhava-śataka.
_c[Lekhaka] 'Ratnākara".
260 _aPrayāga,
_bRasika Maṇḍala kī ora sē Iṇdiyana Presa (Pablikeśansa)
_c[1965]
300 _a93, 146 p.
_billus.
_c11 x 18 cm.
500 _aIn Braj; introductory matter and commentary in Hindi.
999 _c79206
_d79206